000 01702cam a22003854a 4500
001 14923153
003 OSt
005 20150408114012.0
008 070709s2008 mau b 001 0 eng
010 _a 2007028416
016 7 _a101311398
_2DNLM
020 _a9780674026353 (hbk.)
020 _a0674026357 (hbk.)
035 _a(OCoLC)ocn154886571
035 _a(OCoLC)154886571
_z(OCoLC)154669145
040 _aDNLM/DLC
_cDLC
_dNLM
_dBAKER
_dBTCTA
_dYDXCP
_dC#P
_dVP@
_dDLC
042 _apcc
050 0 0 _aK1519.B54
_bH67 2008
060 1 0 _aTP 248.2
_bH791b 2008
082 0 0 _a346.0486
_222
100 1 _aHope, Janet,
_d1972-
_910488
245 1 0 _aBiobazaar :
_bthe open source revolution and biotechnology /
_cJanet Hope.
260 _aCambridge, Mass. :
_bHarvard University Press,
_c2008.
300 _a428 p. ;
_c22 cm.
504 _aIncludes bibliographical references (p. 367-389) and index.
505 0 _aAn irresistible analogy -- The trouble with intellectual property in biotechnology -- Intellectual property and innovation -- Welcome to the bazaar -- Open source licensing for biotechnology -- Foundations of the biobazaar -- Financing open source biotechnology -- Biotechnology's open source revolution.
650 0 _aBiotechnology
_vPatents.
_910489
650 0 _aTechnological innovations
_xPatents.
_910490
650 0 _aPatent licenses.
_910491
650 0 _aBiotechnology
_xEconomic aspects.
_910492
650 0 _aTechnological innovations
_xEconomic aspects.
_910493
856 4 1 _3Table of contents only
_uhttp://www.loc.gov/catdir/toc/ecip0722/2007028416.html
942 _2ddc
_cBOOK
999 _c21391
_d255891